Normal view
MARC view
- Supervisor Dr. Farhan Hussain Co-Supervisor Dr. Shahzor Ahmad
Entry Personal Name
001 - CONTROL NUMBER
- control field: 73224
003 - CONTROL NUMBER IDENTIFIER
- control field: NUST
005 - DATE AND TIME OF LATEST TRANSACTION
- control field: 20210628205003.0
008 - FIXED-LENGTH DATA ELEMENTS
- fixed length control field: 210628|| aca||aabn | a|a d
040 ## - CATALOGING SOURCE
- Original cataloging agency: NUST
- Transcribing agency: NUST
100 ## - HEADING--PERSONAL NAME
- Personal name: Supervisor Dr. Farhan Hussain Co-Supervisor Dr. Shahzor Ahmad
670 ## - SOURCE DATA FOUND
- Source citation: Work cat.: (NUST): Zo-Afshan 73222, TH-SOF-1805-Segmentation and Classification of Phonocardiogram Signals using Machine Learning Techniques, 2020
